| 000 | 00830ntm a22002177a 4500 | ||
|---|---|---|---|
| 005 | 20170809142624.0 | ||
| 008 | 170802s2011 xx a frb 000 0 eng d | ||
| 040 |
_aEG-ScBUE _beng _cEG-ScBUE |
||
| 082 | 0 | 4 |
_222 _a624 _bANA |
| 100 | 1 | _aAnaim, Seraj Abdul Razak Kamel. | |
| 245 | 1 | 0 |
_aSmart pattern identification for structural systems / _cby Seraj Abdul Razak Kamel Anaim. |
| 260 | _c2011. | ||
| 300 |
_a44 p. : _bill. (col.) ; _c28 cm. |
||
| 500 | _aA dissertation submitted to The Faculty Of Engineering, The British University In Egypt, in partial fulfillment of the requirements for the bachelor degree in civil engineering | ||
| 590 | _aNOURA TARK KAMAL. | ||
| 650 | 7 |
_2BUEsh _vProjects _acivil engineering. |
|
| 653 |
_bENGCIV _cAugust2017 |
||
| 655 | _vSPRO | ||
| 700 | 1 |
_aHassan, Maguid H. M., _e ths. |
|
| 942 | _2ddc | ||
| 999 |
_c25235 _d25207 |
||